Word Ladder: Red Scare Quiz Stats

 Plays Quiz Updated Jan 30, 2012

Support Sporcle.
Go Orange.
Score 0/22 Timer 03:00
0 Plays Today
Clue Answer % Correct
Large picture on a teenager's wallPOSTER
96.1%
No-school time of yearSUMMER
95.8%
Left a note on someone's Facebook wallPOSTED
91.5%
Golf club used on the greenPUTTER
91.5%
Touch that induces laughterTICKLE
90.2%
Forcibly bring someone to the groundTACKLE
89.5%
Civilian version of a Humvee (discontinued in 2010)HUMMER
89.3%
Threw a partyHOSTED
88.9%
'The Boy Who Lived'POTTER
88%
Witch's laughCACKLE
88%
Inexpensive lodging place for travelersHOSTEL
87.1%
Clue Answer % Correct
Fort where the American Civil War startedSUMTER
82.3%
Yankee legend Mickey who holds the record for most
World Series home runs
MANTLE
79.2%
With the last rung, symbol of CommunismHAMMER
77.7%
Man who owned the California sawmill where gold was discovered in 1848SUTTER
77.2%
Place to hang the Christmas stockingsMANTEL
75.6%
With the first rung, symbol of CommunismSICKLE
75.5%
Lower calf of an overweight personCANKLE
74.4%
The _____ Williams Show (day time talk show)MONTEL
67.5%
Zero who played Max Bialystock in 'The Producers'MOSTEL
61.8%
Back part of a horse's saddleCANTLE
60.6%
Bogart's character in 'The Petrified Forest'MANTEE
53.8%

Today's Daily Dose

You're not logged in!

Compare scores with friends on all Sporcle quizzes.
OR
Log In

From the Vault

'A' Big 4 on a Map

by sproutcm

So is this just a map with 'a big 4' on it? Or do we actually have to answer questions?
Remove Ads.
Support Sporcle.
Get the best of Sporcle when you Go Orange. This ad-free experience offers more features, more stats, and more fun while also helping to support Sporcle. Thank you for becoming a member.

Show Comments

Extras

Top Quizzes Today


Score Distribution

Your Account Isn't Verified!

In order to create a playlist on Sporcle, you need to verify the email address you used during registration. Go to your Sporcle Settings to finish the process.

Report this User

Report this user for behavior that violates our Community Guidelines.

Details: